| 000 | 00479nam a22001577a 4500 | ||
|---|---|---|---|
| 005 | 20241126145119.0 | ||
| 008 | 241126b |||||||| |||| 00| 0 eng d | ||
| 020 | _a9780194370554 | ||
| 050 | _aPE 1128.A2 M868 1992 | ||
| 100 | _aMURPHEY TIM | ||
| 245 | _aMUSIC AND SONG | ||
| 260 |
_aNEWYORK _bOXFORD UNIVERSITY PRESS _c1992 |
||
| 300 | _aX,151 | ||
| 650 | _a English language--Study and teaching--Foreign speakers. Music and language. Music in education. | ||
| 942 |
_2lcc _cBK |
||
| 999 |
_c213987 _d213987 |
||